书目信息 |
| 题名: |
剑桥欧洲经济史
|
|
| 作者: | 波拉德 , 马赛厄斯 主编 ;王宏伟 , 钟和 译 | |
| 分册: | 第八卷 工业经济:经济政策和社会政策的发展 | |
| 出版信息: | 北京 经济科学出版社 2004 |
|
| 页数: | 1243页 | |
| 开本: | 25cm | |
| 丛书名: | ||
| 单 册: | ||
| 中图分类: | F150.9 , F450.9 | |
| 科图分类: | ||
| 主题词: | 经济史--欧洲 , 工业经济--经济史--欧洲 , 工业经济 , 经济史 | |
| 电子资源: | ||
| ISBN: | 7-5058-2893-2 | |
| 000 | 01590nam0 2200337 450 | |
| 001 | 003206350 | |
| 005 | 20070805184548.68 | |
| 010 | @a7-5058-2893-2@dCNY135.00 | |
| 100 | @a20060104d2004 em y0chiy0110 ea | |
| 101 | 1 | @achi@ceng |
| 102 | @aCN@b110000 | |
| 105 | @ay z 000yy | |
| 200 | 1 | @a剑桥欧洲经济史@9jian qiao ou zhou jing ji shi@h第八卷@i工业经济:经济政策和社会政策的发展@dThe Cambridge economic history of Europe@hVolume VIII@iThe industrial economies: the development of economic and social policies@f彼得·马赛厄斯(Peter Mathias),悉尼·波拉德(Sidney Pollard)主编@g王宏伟,钟和等译@zeng |
| 210 | @a北京@c经济科学出版社@d2004 | |
| 215 | @a1243页@d25cm | |
| 305 | @a据剑桥大学出版社1989年第一版译出 | |
| 330 | @a本书主要分析工业革命以来欧洲国家的社会经济政策及其演变。其内容囊括贸易政策、商业政策、国际金融政策、税收和公共财政政策等多个经济政策领域。 | |
| 510 | 1 | @aThe Cambridge economic history of Europe@hVolume VIII@iThe industrial economies: the development of economic and social policies@zeng |
| 515 | 1 | @a工业经济:经济政策和社会政策的发展@9gong ye jing ji : jing ji zheng ce he she hui zheng ce de fa zhan |
| 606 | 0 | @a经济史@y欧洲 |
| 606 | 0 | @a工业经济@x经济史@y欧洲 |
| 606 | 0 | @a工业经济 |
| 606 | 0 | @a经济史 |
| 690 | @aF150.9@v4 | |
| 690 | @aF450.9@v4 | |
| 701 | 0 | @c(英)@a波拉德@9bo la de@c(Pollard, Sidney)@4主编 |
| 701 | 0 | @c( )@a马赛厄斯@9ma sai e si@c(Mathias, Peter)@4主编 |
| 702 | 0 | @a王宏伟@9wang hong wei@c(经济学)@4译 |
| 702 | 0 | @a钟和@9zhong he@c(经济学)@4译 |
| 801 | 0 | @aCN@bNLC@c20070805 |
| 905 | @a10447@dF150.9@e152:8 | |
| 剑桥欧洲经济史.第八卷.工业经济:经济政策和社会政策的发展=The Cambridge economic history of Europe.Volume VIII.The industrial economies: the development of economic and social policies/彼得·马赛厄斯(Peter Mathias),悉尼·波拉德(Sidney Pollard)主编/王宏伟,钟和等译.-北京:经济科学出版社,2004 |
| 1243页;25cm |
| ISBN 7-5058-2893-2:CNY135.00 |
| 本书主要分析工业革命以来欧洲国家的社会经济政策及其演变。其内容囊括贸易政策、商业政策、国际金融政策、税收和公共财政政策等多个经济政策领域。 |
| ● |
| 相关链接 |
|
|
|
|
正题名:剑桥欧洲经济史
索取号:F150.9/152:8
 
预约/预借
| 序号 | 登录号 | 条形码 | 馆藏地/架位号 | 状态 | 备注 |
| 1 | 0802592 | 208025929 | 第一样本阅览室/ [索取号:F150.9/152:8] | 在馆 | |
| 2 | 0802593 | 208025938 | 第一借阅区/ [索取号:F150.9/152:8] | 在馆 | |
| 3 | 0802594 | 208025947 | 第一借阅区/ [索取号:F150.9/152:8] | 在馆 |